Η ανάλυση του χορού : θεωρία και πράξη

Saved in:
Bibliographic Details
Other Authors: Τυροβολά, Βασιλική Κ. (edtf, trlf), Κουτσούμπα, Μαρία Ι. (edtf, trlf)
Format: Book
Language:Greek
English
Published: Αθήνα : Πασχαλίδης, 2007.
Subjects:
Tags: Add Tag
No Tags, Be the first to tag this record!

MARC

LEADER 00000nam a2200000 a 4500
001 1/113065
008 170213s2007####gr | ||| 001 ||gre||
020 |a 9789603995371  
040 |a GR-MyUa  |b gre  |c GR-MyUa  |e AACR2 
041 1 |a gre  |h eng 
082 7 |a 793.3   |2 (23) 
245 0 2 |a Η ανάλυση του χορού :   |b θεωρία και πράξη /   |c Janet Adshead ...[ κ. α.] ; επιμέλεια-μετάφραση ελληνικής έκδοσης: Βασιλική Κ. Τυροβολά, Μαρία Ι. Κουτσούμπα.  
260 |a Αθήνα :   |b Πασχαλίδης,   |c 2007.  
300 |a 286 σ. ;   |c 24 εκ.  
500 |a Μετάφραση του: Dance analysis: theory and practice / Janet Adshead ... [ κ. α.], επιμέλεια αγγλικής έκδοσης Janet Adshead. 
504 |a Περιλαμβάνει ευρετήριο.  
650 0 |a Dance  |x Psychological aspects. 
650 0 |a Dance  |x Philosophy. 
700 1 |a Τυροβολά, Βασιλική Κ.  |e edtf  |e trlf 
700 1 |a Κουτσούμπα, Μαρία Ι.  |e edtf  |e trlf 
852 |a INST  |b LESVOS  |c EUDOXUS  |e 20170213  |h 793.3 ΑΝΑ  |p 005100058754  |q 005100058754  |t EDX  |y 0 
920 |a Εύδοξος  |b Παραγγελία  |y Λέσβος-ΤΠΤΕ 
970 |a Τζαφέρη  |b Ευαγγελία  |z 13-02-2017